000 00465nam a2200181Ia 4500
003 GCL
008 140319s9999 xx 000 0 eng d
040 _aGCL /
_cGCL
082 0 4 _a128.3
_bVG
100 1 _aVEDRINE, HELENE
245 1 0 _aLES GRANDES CONCEPTIONS DE L'IMAGINAIRE /
_cVEDRINE, HELENE
260 _a[S.N] :
_bLE LIVRE DE POCHE ،
_c1990
300 _a159
650 0 4 _aPHILOSOPHY
650 0 4 _aHUMANKIND
650 0 4 _aIMAGINATION
942 _2ddc
_cBK
999 _c25352
_d25352